[Event "ARG-ch sf Jaque CC U2300"]
[Site "Corrientes"]
[Date "2019.04.27"]
[Round "1.5"]
[White "Heinechen, John"]
[Black "Cominotti, Antonio Santiago"]
[Result "1/2-1/2"]
[WhiteElo "1991"]
[BlackElo "1740"]
[PlyCount "58"]
[EventDate "2019.04.27"]
[EventType "swiss"]
[EventRounds "6"]
[EventCountry "ARG"]
[SourceTitle "EXT 2024"]
[Source "ChessBase"]
[SourceDate "2023.10.10"]
[SourceVersion "1"]
[SourceVersionDate "2023.10.10"]
[SourceQuality "1"]

1. e4 d6 2. d4 e5 3. Nf3 Nf6 4. Nc3 Nbd7 5. Bc4 Be7 6. 0-0 0-0 7. Qe2 c6 8. a4 Qc7 9. Rd1 h6 10. h3 Re8 11. g4 exd4 12. Nxd4 Bf8 13. Bf4 Ne5 14. Ba2 Bd7 15. Bg3 Ng6 16. Qf3 Qa5 17. b4 Qg5 18. Qh1 Bxg4 19. hxg4 Qxg4 20. Qf3 Qg5 21. Qf5 d5 22. Qxg5 hxg5 23. exd5 Bxb4 24. dxc6 bxc6 25. Nce2 Nf4 26. Bxf4 gxf4 27. Rd3 Rad8 28. Rad1 Rxd4 29. Rxd4 g5 1/2-1/2